| 000 | 00822cam a2200217 4500 | ||
|---|---|---|---|
| 001 | ##L131403 | ||
| 008 | 051028n2005 000 0 eng u | ||
| 020 | _a0728204797 | ||
| 035 | _a(Sirsi) u131403 | ||
| 041 | 0 | _aeng | |
| 050 | 0 | 4 | _a526.90285 $2 18 |
| 100 | 1 | _aWaller, Andrew | |
| 245 | 0 | 0 | _aIT for property people |
| 260 | 3 |
_aLondon _bEG Books _c2005 |
|
| 300 |
_a220p. _c15cm. |
||
| 350 | _a31.99 | ||
| 520 | _aA guide to property information and how to use it effectively in business. Assesses where property information adds value and provides models to prioritise where to invest resources to improve management information systems. Case studies include British Land and Equity Office Properties. | ||
| 590 | _aIKA061205 | ||
| 690 | _aMANAGEMENT-BUSINESS MANAGEMENT-INFORMATION MANAGEMENT | ||
| 942 | _n0 | ||
| 999 |
_c104747 _d104747 |
||